| 000 | 01300nam0a22002651 4500 | ||
|---|---|---|---|
| 001 | rc\3613707 | ||
| 005 | 20130115143814.2 | ||
| 021 |
_aRU _bРг7988-73 |
||
| 035 | _a(NLR Aleph) 007713741 | ||
| 090 |
_a6875865 _c6875865 |
||
| 100 | _a20130115d1972 |||y0rusy50 ca | ||
| 101 | 0 |
_arus _aaze |
|
| 102 | _aRU | ||
| 105 | _ay z ||||| | ||
| 200 | 1 |
_aПути повышения урожайности и улучшения качества зерновых и зернобобовых культур в Азербайджане _eТезисы докл. Респ. науч. конф., посвящ. 50-летию образования СССР. (22 дек. 1972 г.) _f[Ред. К.А. Алекперов] _gМ-во с. х. АзССР. Азерб. науч.-исслед. ин-т земледелия. Азерб. науч. исслед. ин-т науч.-техн. информации и техн.-экон. исследований Госплана АзССР. АзНТО сельск. хоз-ва |
|
| 210 |
_aБаку _cБ. и. _d1972 |
||
| 215 | _a120 с. | ||
| 300 | _aТекст на рус. и азерб. яз. | ||
| 702 | 1 |
_aАлекперов _bК. А. _4340 |
|
| 801 | 0 |
_aRU _bNLR _gpsbo |
|
| 801 | 1 |
_aRU _bELAR _2rusmarc |
|
| 852 |
_aNLR _bОНЛ |
||
| 942 | _cBOOK | ||
| 980 | _aNB | ||